000 00285nam a22001337a 4500
008 170306b xxu||||| |||| 00| 0 eng d
020 _a9780801644306
041 _aeng
080 _a575
100 _a6
101 _aSHM
245 _aANATOMY AND PHYSIOLOGY
_cSEELEY
942 _2udc
_cBK
999 _c6897
_d6897